<?xml version="1.0" encoding="UTF-8"?>
<record
    xmlns:xsi="http://www.w3.org/2001/XMLSchema-instance"
    xsi:schemaLocation="http://www.loc.gov/MARC21/slim http://www.loc.gov/standards/marcxml/schema/MARC21slim.xsd"
    xmlns="http://www.loc.gov/MARC21/slim">

  <leader>01816nam2a22003011  4500</leader>
  <controlfield tag="001">rc\40979</controlfield>
  <controlfield tag="005">20250620193051.0</controlfield>
  <datafield tag="010" ind1=" " ind2=" ">
    <subfield code="a">5-280-02046-X</subfield>
    <subfield code="9">25000</subfield>
  </datafield>
  <datafield tag="035" ind1=" " ind2=" ">
    <subfield code="a">(NLR Aleph) 005385964</subfield>
  </datafield>
  <datafield tag="090" ind1=" " ind2=" ">
    <subfield code="a">7145867</subfield>
    <subfield code="c">7145867</subfield>
  </datafield>
  <datafield tag="100" ind1=" " ind2=" ">
    <subfield code="a">20021216d1994    |||y0rusy50      ca</subfield>
  </datafield>
  <datafield tag="101" ind1="0" ind2=" ">
    <subfield code="a">rus</subfield>
  </datafield>
  <datafield tag="102" ind1=" " ind2=" ">
    <subfield code="a">RU</subfield>
  </datafield>
  <datafield tag="105" ind1=" " ind2=" ">
    <subfield code="a">y   |||||||||</subfield>
  </datafield>
  <datafield tag="200" ind1="1" ind2=" ">
    <subfield code="a">&#x410;&#x43B;&#x44B;&#x435; &#x43F;&#x430;&#x440;&#x443;&#x441;&#x430;</subfield>
    <subfield code="a">&#x411;&#x43B;&#x438;&#x441;&#x442;&#x430;&#x44E;&#x449;&#x438;&#x439; &#x43C;&#x438;&#x440;</subfield>
    <subfield code="a">&#x417;&#x43E;&#x43B;&#x43E;&#x442;&#x430;&#x44F; &#x446;&#x435;&#x43F;&#x44C;</subfield>
    <subfield code="a">&#x421;&#x43E;&#x43A;&#x440;&#x43E;&#x432;&#x438;&#x449;&#x435; &#x430;&#x444;&#x440;&#x438;&#x43A;&#x430;&#x43D;&#x441;&#x43A;&#x438;&#x445; &#x433;&#x43E;&#x440;</subfield>
    <subfield code="e">&#x420;&#x43E;&#x43C;&#x430;&#x43D;&#x44B;</subfield>
    <subfield code="f">[&#x421;&#x43E;&#x441;&#x442;. &#x441; &#x43D;&#x430;&#x443;&#x447;. &#x43F;&#x43E;&#x434;&#x433;&#x43E;&#x442;. &#x442;&#x435;&#x43A;&#x441;&#x442;&#x430; &#x412;. &#x420;&#x43E;&#x441;&#x441;&#x435;&#x43B;&#x44C;&#x441;&#x430;</subfield>
    <subfield code="g">&#x41F;&#x440;&#x438;&#x43C;&#x435;&#x447;. &#x410;. &#x420;&#x435;&#x432;&#x44F;&#x43A;&#x438;&#x43D;&#x43E;&#x439;]</subfield>
  </datafield>
  <datafield tag="210" ind1=" " ind2=" ">
    <subfield code="d">1994</subfield>
    <subfield code="a">&#x411;. &#x43C;.</subfield>
  </datafield>
  <datafield tag="215" ind1=" " ind2=" ">
    <subfield code="a">541, [2] &#x441;.</subfield>
  </datafield>
  <datafield tag="320" ind1=" " ind2=" ">
    <subfield code="a">&#x411;&#x438;&#x431;&#x43B;&#x438;&#x43E;&#x433;&#x440;. &#x432; &#x43F;&#x440;&#x438;&#x43C;&#x435;&#x447;.: &#x441;. 513-541</subfield>
  </datafield>
  <datafield tag="327" ind1="0" ind2=" ">
    <subfield code="a">&#x412; &#x43F;&#x440;&#x438;&#x43B;.: ...&#x421;&#x43E;&#x447;&#x438;&#x43D;&#x438;&#x442;&#x435;&#x43B;&#x44C;&#x441;&#x442;&#x432;&#x43E; &#x432;&#x441;&#x435;&#x433;&#x434;&#x430; &#x431;&#x44B;&#x43B;&#x43E; &#x432;&#x43D;&#x435;&#x448;&#x43D;&#x435;&#x439; &#x43C;&#x43E;&#x435;&#x439; &#x43F;&#x440;&#x43E;&#x444;&#x435;&#x441;&#x441;&#x438;&#x435;&#x439;; &#x41C;&#x43E;&#x442;&#x44B;&#x43B;&#x435;&#x43A; &#x43C;&#x435;&#x434;&#x43D;&#x43E;&#x439; &#x438;&#x433;&#x43B;&#x44B;</subfield>
  </datafield>
  <datafield tag="461" ind1=" " ind2="0">
    <subfield code="1">001rc\40975</subfield>
    <subfield code="1">2001#$a&#x421;&#x43E;&#x431;&#x440;&#x430;&#x43D;&#x438;&#x435; &#x441;&#x43E;&#x447;&#x438;&#x43D;&#x435;&#x43D;&#x438;&#x439;$e&#x412; 5 &#x442;.$f&#x410;.&#x421;. &#x413;&#x440;&#x438;&#x43D;$g[&#x412;&#x441;&#x442;&#x443;&#x43F;. &#x441;&#x442;., &#x441;. 5-36, &#x441;&#x43E;&#x441;&#x442;. &#x412;. &#x41A;&#x43E;&#x432;&#x441;&#x43A;&#x43E;&#x433;&#x43E;$g&#x41F;&#x440;&#x438;&#x43C;&#x435;&#x447;. &#x410;. &#x420;&#x435;&#x432;&#x44F;&#x43A;&#x438;&#x43D;&#x43E;&#x439;]$v&#x422;. 4</subfield>
    <subfield code="1">700#1$a&#x413;&#x440;&#x438;&#x43D;$b&#x410;.&#x421;.$g&#x410;&#x43B;&#x435;&#x43A;&#x441;&#x430;&#x43D;&#x434;&#x440; &#x421;&#x442;&#x435;&#x43F;&#x430;&#x43D;&#x43E;&#x432;&#x438;&#x447;$f1880-1932$3RU\NLR\AUTH\7712241</subfield>
    <subfield code="9">7145831</subfield>
    <subfield code="a">&#x413;&#x440;&#x438;&#x43D;, &#x410;. &#x421;. (1880-1932)</subfield>
    <subfield code="c">&#x41C;.</subfield>
    <subfield code="d">1991-</subfield>
    <subfield code="f">&#x410;.&#x421;. &#x413;&#x440;&#x438;&#x43D;</subfield>
    <subfield code="n">&#x425;&#x443;&#x434;&#x43E;&#x436;. &#x43B;&#x438;&#x442;.</subfield>
    <subfield code="o">&#x412; 5 &#x442;.</subfield>
    <subfield code="t">&#x421;&#x43E;&#x431;&#x440;&#x430;&#x43D;&#x438;&#x435; &#x441;&#x43E;&#x447;&#x438;&#x43D;&#x435;&#x43D;&#x438;&#x439;</subfield>
    <subfield code="y">5280016098</subfield>
    <subfield code="v">&#x422;. 4</subfield>
  </datafield>
  <datafield tag="464" ind1=" " ind2="0">
    <subfield code="1">2001#$a&#x88;...&#x89;&#x421;&#x43E;&#x447;&#x438;&#x43D;&#x438;&#x442;&#x435;&#x43B;&#x44C;&#x441;&#x442;&#x432;&#x43E; &#x432;&#x441;&#x435;&#x433;&#x434;&#x430; &#x431;&#x44B;&#x43B;&#x43E; &#x432;&#x43D;&#x435;&#x448;&#x43D;&#x435;&#x439; &#x43C;&#x43E;&#x435;&#x439; &#x43F;&#x440;&#x43E;&#x444;&#x435;&#x441;&#x441;&#x438;&#x435;&#x439;</subfield>
    <subfield code="t">&#x88;...&#x89;&#x421;&#x43E;&#x447;&#x438;&#x43D;&#x438;&#x442;&#x435;&#x43B;&#x44C;&#x441;&#x442;&#x432;&#x43E; &#x432;&#x441;&#x435;&#x433;&#x434;&#x430; &#x431;&#x44B;&#x43B;&#x43E; &#x432;&#x43D;&#x435;&#x448;&#x43D;&#x435;&#x439; &#x43C;&#x43E;&#x435;&#x439; &#x43F;&#x440;&#x43E;&#x444;&#x435;&#x441;&#x441;&#x438;&#x435;&#x439;</subfield>
  </datafield>
  <datafield tag="464" ind1=" " ind2="0">
    <subfield code="1">2001#$a&#x41C;&#x43E;&#x442;&#x44B;&#x43B;&#x435;&#x43A; &#x43C;&#x435;&#x434;&#x43D;&#x43E;&#x439; &#x438;&#x433;&#x43B;&#x44B;</subfield>
    <subfield code="t">&#x41C;&#x43E;&#x442;&#x44B;&#x43B;&#x435;&#x43A; &#x43C;&#x435;&#x434;&#x43D;&#x43E;&#x439; &#x438;&#x433;&#x43B;&#x44B;</subfield>
  </datafield>
  <datafield tag="801" ind1=" " ind2="0">
    <subfield code="a">RU</subfield>
    <subfield code="b">NLR</subfield>
    <subfield code="g">psbo</subfield>
  </datafield>
  <datafield tag="801" ind1=" " ind2="1">
    <subfield code="a">RU</subfield>
    <subfield code="b">ELAR</subfield>
    <subfield code="2">rusmarc</subfield>
  </datafield>
  <datafield tag="852" ind1=" " ind2=" ">
    <subfield code="a">NLR</subfield>
    <subfield code="j">91-3/1183</subfield>
  </datafield>
  <datafield tag="942" ind1=" " ind2=" ">
    <subfield code="c">BOOK</subfield>
  </datafield>
  <datafield tag="980" ind1=" " ind2=" ">
    <subfield code="a">NB</subfield>
  </datafield>
  <datafield tag="995" ind1=" " ind2=" ">
    <subfield code="5">2013-10-26</subfield>
    <subfield code="b">NLR01</subfield>
    <subfield code="c">NLR01</subfield>
    <subfield code="e">RF9</subfield>
    <subfield code="f">5385964-10</subfield>
    <subfield code="k">91-3/1183</subfield>
    <subfield code="o">0</subfield>
    <subfield code="r">BOOK</subfield>
    <subfield code="s">9131183_</subfield>
  </datafield>
  <datafield tag="995" ind1=" " ind2=" ">
    <subfield code="5">2014-02-05</subfield>
    <subfield code="b">NLR01</subfield>
    <subfield code="c">NLR01</subfield>
    <subfield code="e">OZ2</subfield>
    <subfield code="f">1-319725</subfield>
    <subfield code="k">&#x41B;1 &#x428;6(2=&#x420;)7/&#x413;-850</subfield>
    <subfield code="o">0</subfield>
    <subfield code="p">3770.00</subfield>
    <subfield code="r">BOOK</subfield>
    <subfield code="s">1_627850</subfield>
  </datafield>
  <datafield tag="995" ind1=" " ind2=" ">
    <subfield code="5">2014-03-30</subfield>
    <subfield code="a">az</subfield>
    <subfield code="b">NLR02</subfield>
    <subfield code="c">NLR02</subfield>
    <subfield code="e">NZ2</subfield>
    <subfield code="f">1-456160</subfield>
    <subfield code="k">&#x41D;&#x437;  &#x428;6(2=&#x420;)7/&#x413;-850</subfield>
    <subfield code="o">0</subfield>
    <subfield code="r">BOOK</subfield>
    <subfield code="s">_627850</subfield>
  </datafield>
</record>
